000 00932nam a2200277 a 4500
001
003 DO-SdBNP
005 20230504103350.0
008 091202s2004 dr 000 e spa d
020 _a9993479071
040 _aDO-SdBNP
_bspa
_cBPMSU
082 4 _aRD864.44
_bC433l 2004
_222
100 1 _aChahín, Plinio
_d1959-
245 1 0 _a¿Literatura sin lenguaje? :
_bescritos sobre el silencio y otros textos /
_cPlinio Chahín.
260 _aSanto Domingo :
_bEditora Búho,
_c2004.
300 _a404 p. ;
_c23 cm.
490 0 _aEnsayos críticos
500 _aIncluye datos biográficos del autor en las solapas
504 _aIncluye referencias bibliográficas (p. 395-404)
590 _6Inventariado, 2023/VM
650 4 _aEnsayos dominicanos
650 4 _aLiteratura dominicana
_ySiglo XX
650 4 _aCrítica literaria
_vColecciones de escritos
_z
910 _aVMateo V. Control de calidad (BPMSU)
942 _2ddc
_cBK
999 _c9263
_d9263